000 00616nam a22001457a 4500
020 _a978-1-4424-9392-6
082 _a823
_bKEE/N
100 _aKEENE, CAROLYN
245 _aNANCY DREW DIARIES - SABOTAGE AT WILLOW WOODS
260 _aNEW YORK
_bALADDIN PAPERBACKS
_c2014
300 _a167
520 _aNancy has to go undercover as a member of the Green Club when she suspects they may be behind all of the mischief. When Carrie starts getting threatening notes and even some more sinister warnings, Nancy knows she needs to crack the case before someone gets hurt!
650 _aMYSTERY
_zUNITED STATES
942 _cBK
999 _c7879
_d7879